000 00967nam a22002897a 4500
001 BR8501212
003 BR-BrBNA
005 20230928092104.0
007 ta
008 230509b bl.||||| |||| 00| 0 por d
040 _aBR-BrBNA
_bpor
_cBiblioteca Nacional de Agricultura
041 _a(Por)
072 _aF00; E10
_b1980
_b/G514
090 _ 1980 BR8501212
110 1 _aFundacao Centro Estadual de Planejamento Agricola, Salvador, BA (Brasil)
_94810
245 1 _aProjeto algaroba [Prosopis juliflora, pratica cultural, economia agricola, Bahia, Brasil]
246 1 _a[Mesquite project [Prosopis juliflora, cultural practice, agricultural economics, Bahia, Brazil]]
260 3 _aSalvador, BA (Brasil):
_c1984.
300 _a23 p.
500 _a5 tables; Map, scale 1:100,000
650 _aALGAROBA
650 _aPRATICA CULTURAL
650 _aPROJETO DE DESENVOLVIMENTO
650 _aBAHIA
909 _a202309
_bLucia
_c55
_dLucia Elande
942 _cBK
999 _c37082
_d37082